Thực tập động vật không xương sống

Uloženo v:
Podrobná bibliografie
Hlavní autor: Thái, Trần Bái
Médium: Kniha
Jazyk:Undetermined
Vydáno: Hà Nội Giáo dục 1967
Témata:
Tagy: Přidat tag
Žádné tagy, Buďte první, kdo otaguje tento záznam!
Thư viện lưu trữ: Trung tâm Học liệu Trường Đại học Cần Thơ
LEADER 00550nam a2200181Ia 4500
001 CTU_9153
008 210402s9999 xx 000 0 und d
082 |a 592.0724 
082 |b B103 
100 |a Thái, Trần Bái 
245 0 |a Thực tập động vật không xương sống 
245 0 |c Thái Trần Bái, Hoàng Đức Nhuận 
260 |a Hà Nội 
260 |b Giáo dục 
260 |c 1967 
650 |a Invertebrates 
904 |i Minh, 960924 
980 |a Trung tâm Học liệu Trường Đại học Cần Thơ